000 003760000a22001570004500
041 0 _aSPA
082 0 4 _aG 808.879 O79r
100 1 _aOrwell, George
245 1 0 _aRebelión en la granja / George Orwell
300 _a159 Pag
001 10768
942 _cBK
999 _c40217
_d40217
336 _atexto
_btxt
_2rdacontent
337 _2rdamedia
_asin mediación
_bn
338 _2rdacarrier
_avolumen
_bnc